Parques Nacionales de España - Estadísticas

Estadísticas generales
  • Esta prueba ha sido intentada 283 veces
  • La puntuación promedio es 8 de 15
Estadísticas de respuestas
Parque Nacional % Correcto
Doñana
84%
Teide
80%
Picos de Europa
78%
Sierra Nevada
65%
Garajonay
56%
Ordesa y Monte Perdido
56%
Tablas de Daimiel
56%
Timanfaya
53%
Monfragüe
46%
Caldera de Taburiente
45%
Sierra de Guadarrama
42%
Islas Atlánticas
40%
Aigüestortes i Estany de Sant Maurici
39%
Archipiélago de Cabrera
39%
Cabañeros
39%
No se encontraron pruebas coincidentes
Distribución de puntuación
Porcentaje de gente con cada puntuación
Porcentaje por número respondido
Historial de tus puntuaciones
No has intentado esta prueba.